|
|
|
|
| LEADER |
00000nab a2200000 a 4500 |
| 001 |
vtls000873731 |
| 003 |
SK-MaSNL |
| 005 |
20260302160423.0 |
| 008 |
160321c2004 xo 0 cze |
| 015 |
|
|
|a SNBRB2004/05-15955
|
| 035 |
|
|
|a CLN000225283
|
| 040 |
|
|
|a SNKBUCL
|b slo
|c SNKBUCL
|e AACR2
|
| 041 |
0 |
|
|a cze
|
| 044 |
|
|
|a xo
|c SK
|
| 080 |
|
|
|a 796.894.071
|2 UDC-MRF-SK2
|
| 080 |
|
|
|a 929 Bacon, Jules
|2 UDC-MRF-SK2
|
| 100 |
1 |
|
|a Švub, Josef
|4 aut
|9 376894
|
| 245 |
1 |
0 |
|a Jules Bacon
|c Josef Švub
|
| 300 |
|
|
|b Fotogr.
|
| 600 |
1 |
7 |
|a Bacon, Jules,
|d 1917-2007
|2 snkbucl
|9 856539
|
| 655 |
|
7 |
|a články z novín a časopisov
|2 snkbucl
|9 267496
|
| 773 |
0 |
|
|x 1335-7867
|t Muscle a fitness
|g Roč. 14, č. 6 (2004), s. 64
|
| 850 |
|
|
|a Slovenská národná knižnica v Martine
|
| 852 |
|
|
|a SNK
|b KIS3GCP
|
| 958 |
|
|
|a BC
|
| 999 |
|
|
|c 1374466
|d 1376396
|